Score 0/22 Timer 02:00
0 Plays Today
Clue Word % Correct
Turtle's speedSLOW
92.2%
You will definitely need these to go skiing❄ SKIS ❄
91.9%
This comes out your nose while skiing❄ SNOT ❄
90.8%
This needs to be on the ground to ski❄ SNOW ❄
90.1%
A type of machine for gamblingSLOT
89.3%
The storylinePLOT
88.2%
Grime found in chimneysSOOT
87.6%
Skiers hold one in each hand❄ POLE ❄
83.2%
Beginners' move to reduce your speed❄ PLOW ❄
83%
A narrow openingSLIT
82.8%
A bunch of objects on top of each otherPILE
78.3%
Clue Word % Correct
It's taken to help cure a sickness PILL
76.3%
Beginners ski down the bunny version❄ HILL ❄
75.2%
Gracefully thinSLIM
74.6%
Piece of equipment that latches onto the ski❄ BOOT ❄
74%
Glide over a surfaceSKIM
70.8%
Brings you to the top of a mountain❄ LIFT ❄
69.3%
Fine sand carried by running waterSILT
69.2%
The handle of a swordHILT
68.8%
To examine and sort carefullySIFT
60.7%
To fasten somethingBOLT
51.4%
The trunk of a treeBOLE
48.7%

Today's Daily Dose

Remove Ads.
Support Sporcle.
Get the best of Sporcle when you Go Orange. This ad-free experience offers more features, more stats, and more fun while also helping to support Sporcle. Thank you for becoming a member.

You're not logged in!

Compare scores with friends on all Sporcle quizzes.
OR
Log In

Show Comments

Extras

Top Quizzes Today


Score Distribution

Your Account Isn't Verified!

In order to create a playlist on Sporcle, you need to verify the email address you used during registration. Go to your Sporcle Settings to finish the process.

Report this User

Report this user for behavior that violates our Community Guidelines.

Details: